Normal view
MARC view
- تحرير ودراسة وتقديم الزغول، سلطان
Entry Personal Name
001 - CONTROL NUMBER
- control field: 47661
003 - CONTROL NUMBER IDENTIFIER
- control field: JO-AjAnu
005 - DATE AND TIME OF LATEST TRANSACTION
- control field: 20230606081851.0
008 - FIXED-LENGTH DATA ELEMENTS
- fixed length control field: 230606|| aca||aabn | a|a d
040 ## - CATALOGING SOURCE
- Original cataloging agency: JO-AjAnu
- Transcribing agency: JO-AjAnu
100 ## - HEADING--PERSONAL NAME
- Personal name: تحرير ودراسة وتقديم الزغول، سلطان
670 ## - SOURCE DATA FOUND
- Source citation: Work cat.: (JO-AjAnu)24389: تحرير ودراسة وتقديم الزغول، سلطان, author, فضاء التشكيل وشعرية الرؤى: دراسات في قصة إلياس فركوخ القصيرة